000 01157 a2200241 4500
001 57008
005 20260407155833.0
008 260407a1968 arg spa d
003 AR-UNSa-BCEJYS
040 _aAR-UNSa-BCEJYS
_bspa
_cAR-UNSa-BCEJYS
080 _a519.2
_xProbabilidades y estadística matemática
245 1 0 _aIntroducción a la inferencia estadística
264 1 _aNew York :
_bMcGraw-Hill Book Company
_c1968
300 _a357 p.
_c23 cm.
505 _a1. Probalidad – 2.Modelos probabilísticos – 3.Parametros, estadísticos y distribuciones muéstrales – 4.Contraste de hipótesis estadísticos – 5.Inferencia estadística para medias y varianzas – 6.Inferencias estadísticas acerca de parámetros de variables aleatorias discretas; contrastes chi-cuadrados aproximados – 7.Analisis de la varianza – 8.Regresion y correlación.
041 _aspa
942 _cBK
590 _aniveau_biblio:m niveau_hierar:0
100 1 _aGuenther, William C.
700 1 _aGonzalvo Cavero, G.
700 1 _aVIlaplana, J.P.
856 4 1 _uhttps://biblioeco.unsa.edu.ar/pmb/images/libros/L128649.jpg
_yImagen de portada
_qimage/jpeg
999 _c6096
_d6096